The company director : his functions, powers and duties /

Guardat en:
Dades bibliogràfiques
Autor principal: Read, Alfred
Autor corporatiu: Institute of Directors
Format: Llibre
Idioma:English
Publicat: London : Jordan, 1958.
Edició:3rd ed.
Matèries:
LEADER 00963nam a2200229 a 4500
001 c000163822
003 CARM
005 20030527151603.0
008 850426s1958 enk 000 0 eng d
019 1 |a 3741965  |5 LACONCORD2021 
035 |a (OCoLC)2732045  |5 LACONCORD2021 
040 |a NUN  |b eng  |c NUN  |d NUN 
100 1 |a Read, Alfred. 
245 1 4 |a The company director :  |b his functions, powers and duties /  |c prepared under the authority of the Council of the Institute of Directors by Alfred Read ; foreword by the Right Honourable the Viscount Chandos. 
250 |a 3rd ed. 
260 |a London :  |b Jordan,  |c 1958. 
300 |a 208 p. 
650 0 |a Directors of corporations  |z Great Britain. 
710 2 |a Institute of Directors. 
852 8 |b CARM  |h A2:AJ25C0  |i B04910  |p 0229917  |f BK 
999 f f |i 900386f7-4d14-5cd7-86cf-18f6b12aa9ed  |s c35b4cae-1f65-55aa-a321-83fd113d5aa0 
952 f f |p Can circulate  |a CAVAL  |b CAVAL  |c CAVAL  |d CARM 1 Store  |e B04910  |f A2:AJ25C0  |h Other scheme  |i book  |m 0229917